Oxidation in organic synthesis (Record no. 160920)

MARC details
000 -LEADER
fixed length control field 00359nam a2200145Ia 4500
008 - FIXED-LENGTH DATA ELEMENTS--GENERAL INFORMATION
fixed length control field 230917s9999||||xx |||||||||||||| ||und||
040 ## - CATALOGING SOURCE
-- 201966
Original cataloging agency VIVEKANANDA LIBRARY
041 ## - Language
-- English
082 ## - DDC NUMBER
Classification number 547.2 A48O
100 ## - MAIN ENTRY--PERSONAL NAME
Personal name Ahluwalia, V K
245 #0 - TITLE STATEMENT
Title Oxidation in organic synthesis
260 ## - PUBLICATION, DISTRIBUTION, ETC. (IMPRINT)
Place of publication, distribution, etc New Delhi
Name of publisher, distributor, etc Ane Books
Date of publication, distribution, etc 2012
300 ## - PHYSICAL DESCRIPTION
Pages xiii, 323 p.
942 ## - ADDED ENTRY ELEMENTS (KOHA)
Koha item type Books
Holdings
Withdrawn status Lost status Damaged status Not for loan Location (home branch) Sublocation or collection (holding branch) Date acquired Koha issues (times borrowed) Koha full call number Accession No. Koha date last seen Koha item type
        VIVEKANANDA LIBRARY VIVEKANANDA LIBRARY 24/08/2012   547.2 A48O 294765 17/09/2023 Books
        VIVEKANANDA LIBRARY VIVEKANANDA LIBRARY 24/08/2012   547.2 A48O 330987 17/09/2023 Books
        VIVEKANANDA LIBRARY VIVEKANANDA LIBRARY 24/08/2012   547.2 A48O 330988 17/09/2023 Books
        VIVEKANANDA LIBRARY VIVEKANANDA LIBRARY 24/08/2012 1 547.2 A48O 330989 21/04/2026 Books
        VIVEKANANDA LIBRARY VIVEKANANDA LIBRARY 24/08/2012 1 547.2 A48O 330990 31/03/2025 Books
© Designed and Maintained by Vivekananda Library, MDU Rohtak